Vista normal
Vista MARC
Entrada Personal Name
Número de registros utilizados en: 6
001 - CONTROL NUMBER
- control field: 308
003 - CONTROL NUMBER IDENTIFIER
- control field: DLC
005 - DATE AND TIME OF LATEST TRANSACTION
- control field: 20231026082354.0
008 - FIXED-LENGTH DATA ELEMENTS
- fixed length control field: 880112n| azannaab |a aaa
010 ## - LIBRARY OF CONGRESS CONTROL NUMBER
- LC control number: n 88602266
040 ## - CATALOGING SOURCE
- Original cataloging agency: DLC
- Language of cataloging: spa
- Description conventions: rda
- Transcribing agency: Mx-PuUPA
- Modifying agency: TxU
- Modifying agency: DLC
- Modifying agency: Mx-PuUPA
046 ## - SPECIAL CODED DATES
- Birth date: 1520
- Death date: 1605
- Source of date scheme: edtf
100 1# - HEADING--PERSONAL NAME
- Personal name: Valeriano, Antonio,
- Dates associated with a name: approximately 1520-1605
370 ## - ASSOCIATED PLACE
- Place of birth: Azcapotzalco, Ciudad de México
- Place of death: Ciudad de México
372 ## - FIELD OF ACTIVITY
- Field of activity: Autoría del Nican Mopohua
374 ## - OCCUPATION
- Occupation: Autor
- Occupation: Noble y letrado nahua
- Occupation: Gobernante de la parcialidad indígena de México-Tenochtitlan
375 ## - GENDER
- Gender: hombre
377 ## - ASSOCIATED LANGUAGE
- Language code: spa
400 1# - SEE FROM TRACING--PERSONAL NAME
- Control subfield: nnea
- Personal name: Valeriano, Antonio,
- Dates associated with a name: ca. 1520-1605
670 ## - SOURCE DATA FOUND
- Source citation: nuc88-3006: His Historia de las apariciones, 197-?
- Information found: (hdg. on TxU rept.: Valeriano, Antonio, ca. 1520-1605; usage: Antonio Valeriano)
670 ## - SOURCE DATA FOUND
- Source citation: His Nicān mopouha, 1990:
- Information found: p. 13 (Antonio Valeriano; "ilustre indígena, conectado con la familia de Moctezuma II")